000
00340nam a2200157Ia 4500
003
0STCL
008
150530s9999 xx 000 0 und d
040
_a
STCL
_c
STCL
100
_a
Paul Horgan
245
_a
Mountain standard time
260
_c
1962
546
_a
English
942
_2
ddc
_c
BK
999
_c
67789
_d
67789
005
20220125171349.0